| 000 | 00562cam a2200169 4500 | ||
|---|---|---|---|
| 001 | T100527 | ||
| 008 | 000000n1958 000 0 eng u | ||
| 035 | _a(Sirsi) u100527 | ||
| 110 |
_aEngland and Wales _bLands Tribunal _91252 |
||
| 245 | _aW & R R Adam Ltd v G E Linley (VO) | ||
| 260 | _c1958 | ||
| 520 | _aLVC/1421/1957. 4 Dec 1958. Reported as 173 EG 213. Stored in offsite archive. Please ask Library for further details. | ||
| 650 | _aW & R R ADAM LTD V LINLEY | ||
| 650 | _aRATING APPEAL | ||
| 690 | _aRATING AND VALUATION-CASE LAW | ||
| 942 | _n0 | ||
| 999 |
_c60136 _d60136 |
||